Quizzes
Events
Quiz Creation
Community
Videos
Private Events
Remove Ads
Sign In
Join for FREE
Feedback
Dark Mode
Quiz Categories
Sports
Geography
Music
Movies
Television
Just For Fun
Miscellaneous
History
Literature
Language
Science
Gaming
Entertainment
Religion
Holiday
For Kids
Quiz Lab
Recent
Popular Today
Quiz Kudos Today
Editor Picks
Curator Picks
Quizzes by...
Day
Popularity
Type
Ratings
Length
Year
Community
Subscriptions
Recent Discussions
Orange Saloon
Badges
Playlists
Quests
Create
Leaderboards
Showdown
Live 5
Trivia Bingo
Activity
Puzzle Library
Sporcle Events
Private Events
Virtual Trivia
Globe League
Become a Host
Pub Owners
SporcleCon
Opinionation
Our Games
Videos
Blog
Mobile Apps
Partnerships
Remove Ads and Go Orange
Feedback
Sports
Athletes
MLB
NBA
NHL
NFL
Soccer
Sports Teams
WWE
NCAA
Football
Premier League
Basketball
Baseball
Hockey
Golf
Tennis
Cricket
Rugby
Auto Racing
Olympics
World Cup
Sports
Athletes
MLB
NBA
NHL
NFL
Soccer
Sports Teams
WWE
NCAA
Football
Premier League
Basketball
Baseball
Hockey
Golf
Tennis
Cricket
Rugby
Auto Racing
Olympics
World Cup
Random Quiz
Search Sporcle
×
Quiz Lab
Quiz Lab
Sports
Premier League
Type in answers that appear in a list
Type in answers that appear in a list
Classic
Best Score? Go Orange.
Premier League Top Scoring Midfielders Stats
Can you name the Premier League Scoring Midfielders?
By
lard
15m
100 Questions
398 Plays
398 Plays
398 Plays
Comments
Comments
Give Quiz Kudos
Give Quiz Kudos
-
- Ratings
hide this ad
Replay
Link that replays current quiz
Next Quiz
Link to next quiz in quiz playlist
You Got
0%
They Got
Avg Score
37%
Avg Friend Score
Upgrade to see
Score Distribution
Jump to the score distribution portion of the page
Score
0/100
Timer
15:00
0
Plays Today
Nationality
Player
% Correct
England
Frank Lampard
98%
Wales
Ryan Giggs
97.2%
England
Steven Gerrard
94.7%
England
Paul Scholes
93.7%
Portugal
Cristiano Ronaldo
89.2%
Australia
Harry Kewell
75.6%
France
Robert Pires
74.9%
Australia
Tim Cahill
73.6%
Wales
Gary Speed
71.6%
England
David Beckham
70.6%
South Korea
Jisung Park
66.1%
Spain
Cesc Fabregas
65.8%
Peru
Nolberto Solano
64.3%
Sweden
Fredrik Ljungberg
62.1%
England
Gareth Barry
62.1%
Israel
Yossi Benayoun
60.3%
USA
Clint Dempsey
59.8%
France
Patrick Vieira
58.8%
Ghana
Michael Essien
56%
Uruguay
Gustavo Poyet
54.8%
England
Paul Ince
50.8%
Russia
Andrei Kanchelskis
50.3%
Ireland
Damien Duff
50%
Brazil
Gilberto Silva
49.5%
England
Joe Cole
49.2%
England
Nicky Butt
49.2%
England
Michael Carrick
49.2%
England
Kevin Nolan
47.7%
Scotland
Darren Fletcher
47.5%
Czech Republic
Patrick Berger
47.2%
England
James Milner
46%
England
Danny Murphy
45.5%
Spain
Mikel Arteta
44.2%
England
Lee Bowyer
43.7%
Nationality
Player
% Correct
England
Ashley Young
43.7%
France
Florent Malouda
42.7%
Germany
Michael Ballack
42.5%
England
Steve McManaman
42%
Scotland
Gary McAllister
41.2%
England
Scott Parker
39.7%
England
Ray Parlour
39.7%
England
Garry Parker
39.2%
England
Jamie Redknapp
38.9%
Brazil
Juninho
38.9%
Holland
Marc Overmars
38.9%
England
Darren Anderton
38.4%
England
Aaron Lennon
37.7%
Turkey
Muzzy Izzet
36.9%
England
Stewart Downing
36.4%
Wales
Simon Davies
36.2%
England
Nick Barmby
34.2%
France
Samir Nasri
33.9%
England
Shaun Wright-Phillips
33.4%
France
David Ginola
33.2%
England
Dennis Wise
32.7%
England
Jermaine Jenas
32.2%
England
Robert Lee
31.7%
England
Paul Merson
31.4%
England
Trevor Sinclair
31.2%
England
John Barnes
30.4%
England
Tim Sherwood
30.2%
England
David Dunn
30.2%
England
Kieron Dyer
30.2%
Montserrat
Ruel Fox
29.9%
Wales
Robbie Savage
29.9%
England
Matthew Taylor
29.6%
England
Ian Taylor
28.4%
France
Laurent Robert
28.4%
Nationality
Player
% Correct
England
Leon Osman
26.1%
France
Steed Malbranque
25.9%
England
Lee Sharpe
25.9%
England
Joey Barton
25.9%
England
Jason Wilcox
22.4%
Spain
Luis Garcia
21.6%
Portugal
Luis BoaMorte
20.4%
Northern Ireland
Keith Gillespie
19.3%
Ireland
Matthew Holland
19.1%
Norway
Oyvind Leonhardsen
17.1%
Israel
Eyal Berkovic
17.1%
England
Steve Stone
16.8%
Scotland
Don Hutchison
15.1%
England
David Bentley
14.8%
England
Kieran Richardson
14.6%
Holland
George Boateng
14.3%
England
Matthew Etherington
14.3%
Holland
Boudewijn Zenden
14.3%
England
Lee Hendrie
13.1%
France
Charles N'Zogbia
12.3%
England
Rory Delap
11.3%
Greece
Stelios Giannakopoulos
11.1%
England
Ian Woan
8.8%
Wales
Mark Pembridge
7.5%
England
Nigel Clough
7.3%
England
Garry Flitcroft
6.5%
England
Craig Hignett
5.5%
England
Gavin Peacock
5.3%
England
Neil Maddison
3%
England
Jason Dozzell
2.5%
England
Peter Beagrie
2.3%
England
Gary Penrice
1.3%
Quiz Playlist
Details
Report
Send in Message
Add To Playlist
Classic:
Type in answers that appear in a list
Last Updated: Feb 16, 2017
Quiz Scoreboard
CHALLENGE
Sign Up to Join the Scoreboard
Show All
Scores
Hide
Comments
May contain spoilers
Recently Published
9x9 Crossword: Cartoon Network
by jackfrog10
Miscellaneous
3m
College Basketball Coaching Resumes
by pancakes188
Sports
9m
Billboard Blitz: Fleetwood Mac
by CooCooCachoo
Music
15s
More to Explore
Quiz From the Vault
Featured Blog Post
Where Did the Easter Bunny Come From?
hide this ad
You Might Also Like...
Tags
Premier League Quiz
Soccer Quiz
goal
Infielder
League
Player
Premier
Scoring
team
Today's Top Quizzes in Sports
Browse Sports
hide this ad
Today's Top Quizzes in Premier League
Browse Premier League
Top Contributed Quizzes in Sports
1
2022 World Cup Stars
2
Les meilleurs buteurs des matchs entre le PSG et l’OM
3
FIFA Club World Cup Champions
4
Les entraîneurs de l'OM et du PSG au 21e siècle
5
Criteria MLB: Left Handed Sluggers
6
AFC Teams Reveal (Wrong Answers Minefield)
7
2023 MLB Unique Player Accomplishments
8
Players with Multiple 50 Home Run Seasons
9
5-to-1: FBS Animal Nicknames
10
5-to-1: UK Sports Teams
Explore More
Trending Topics
NBA
Crossword
Harry Potter
Kpop
Disney
Marvel
Anime
WWE
Song
Pokémon
NFL
Puzzle
The Office
Country
Soccer
hide this ad
More By:
lard
Quiz
Plays
Rating
Category
Featured
Created
Best of British Bands
686
3.50
Music
Feb 14, 2011
Premier League Top Scoring Midfielders
398
2.67
Sports
Feb 11, 2011
One syllable Premier League players
260
4.50
Sports
Mar 28, 2011
Oasis songs
54
5.00
Music
Jul 9, 2010
Go to Creator's Profile
Score Distribution
Quiz Creator Spotlight
lard
Follow
Send a Message
Quizzes Created
-
Created Quiz Play Count
-
More By This Creator
Popular Quizzes Today
1
Find the US States - No Outlines Minefield
2
Find the Countries of Europe - No Outlines Minefield
3
The Countries of the World
4
Find the US States
5
Risky Map Clicking: Biggest States A-Z
6
US States
7
Popular People in 1961
8
Movies - When Are They Set?
More Sports Quizzes
Chelsea's Number 11's
Quiz Lab
Trending Quizzes
Risky Map Clicking: Least Populous States A-Z
1-10 Letter G Words
1-10 Letter F Words
Risky Map Clicking: Next State Alphabetically
Adjectives in 80s TV Shows
Recently Updated
Leaping Animals
pecheneg
Reality TV Shows (A-Z)
bhenderson79
Rickey Henderson's Hall of Fame Teammates
pecheneg
Champions League XIs: Arsenal
pecheneg
Quick Pick: Celebrities in WWE's Hall of Fame
aduchscher
A-Z Keypad Blitz II
pecheneg
Multiple Oscar Actors
pecheneg
Mystery Phrase Blitz: Oscar 'Best Actors'
pecheneg
F. Scott Fitzgerald Novels
LTH
Pick 3 Villains
ddd62291
Trending Topics
Anime
Harry Potter
Marvel
Disney
Crossword
Kpop
NBA
Pokémon
Country
Song
Soccer
Puzzle
The Office
NFL
WWE
Your Account Isn't Verified!
In order to create a playlist on Sporcle, you need to verify the email address you used during registration. Go to your
Sporcle Settings
to finish the process.
Report this User
Report this user for behavior that violates our
Community Guidelines
.
Details:
Send Report
Go to the Sporcle.com Mobile Site →
Comments